Financial Reporting & Analysis (Record no. 2346)

MARC details
000 -LEADER
fixed length control field 00400nam a2200157Ia 4500
008 - FIXED-LENGTH DATA ELEMENTS--GENERAL INFORMATION
fixed length control field 230312s9999||||xx |||||||||||||| ||und||
020 ## - INTERNATIONAL STANDARD BOOK NUMBER
International Standard Book Number 0-324-18643-6
082 ## - DEWEY DECIMAL CLASSIFICATION NUMBER
Classification number 332.632042
Item number GIB
100 ## - MAIN ENTRY--PERSONAL NAME
Personal name Gibson, Charles H
245 #0 - TITLE STATEMENT
Title Financial Reporting & Analysis
260 ## - PUBLICATION, DISTRIBUTION, ETC.
Name of publisher, distributor, etc. Thomson South Western
Place of publication, distribution, etc. USA
Date of publication, distribution, etc. 2004
300 ## - PHYSICAL DESCRIPTION
Extent 600
546 ## - LANGUAGE NOTE
Language note Eng.
650 ## - SUBJECT ADDED ENTRY--TOPICAL TERM
Topical term or geographic name entry element Accounting
Form subdivision a new reality
942 ## - ADDED ENTRY ELEMENTS (KOHA)
Koha item type BOOK

No items available.

Powered by Koha